Thơ Hàn Mặc Tử và những lời bình /

保存先:
書誌詳細
その他の著者: Mã Giang Lân (tuyển chọn và biên soạn)
フォーマット: Sách giấy
言語:Vietnamese
出版事項: H. : Văn hoá thông tin, 2003
主題:
タグ: タグ追加
タグなし, このレコードへの初めてのタグを付けませんか!
Thư viện lưu trữ: Thư viện Trường Đại học Đà Lạt
LEADER 00853nam a2200325 4500
001 DLU040026320
005 ##20040317
040 # # |a DLU  |b vie 
041 # # |a vie 
044 # # |a vn 
082 # # |a 895.922 1  |b Tho 
245 # # |a Thơ Hàn Mặc Tử và những lời bình /  |c Mã Giang Lân tuyển chọn và biên soạn 
260 # # |a H. :  |b Văn hoá thông tin,  |c 2003 
300 # # |a 329 tr. ;  |c 20 cm 
653 # # |a Bình luận văn học 
653 # # |a Hàn Mặc Tử, 1912-1940 
653 # # |a Thơ Mới 
653 # # |a Văn học Việt Nam 
700 # # |a Mã Giang Lân,  |e tuyển chọn và biên soạn 
923 # # |a 04/2004 
992 # # |a 33000 
994 # # |a DLU 
900 # # |a True 
911 # # |a Nguyễn Thị Tố Hạnh 
925 # # |a G 
926 # # |a A 
927 # # |a SH 
980 # # |a Thư viện Trường Đại học Đà Lạt